01420nam a2200169Ia 4500001001300000003001000013008004100023040002500064041000700089100002200096245007900118250001100197260003200208300001200240500095200252650004601204b6493-46457 IT-MiCISF161014s9999||||xx |||||||||||||| ||und|| aIT-MiCISFcIT-MiCISF ait aDogliotti Massimo 0aAffidamento condiviso e diritti dei minorib(Legge 8 febbraio 2006, n. 54) a1a ed. a TorinobGiappichellic2008 app. 350 aGiuliano S., Longo F., Ferrando G., Ravot E., Ansaldo A., Figone A., Martinelli P., Mazza Galanti F., Zambrano V. / divorzio, affido-condiviso, diritto, diritti-bambino, obbligo-di-mantenimento, abitazione, nullità / 1. Principi generali e linee di tendenza (M. Dogliotti). - 2. Affidamento condiviso e diritti dei minori (M. Dogliotti). - 3. Affidamento condiviso e individuale (M. Dogliotti). - 4. il mantenimento dei figli minori (S. Giuliano). - 5. Il mantenimento dei figli maggiorenni (F. Longo). - 6. L'assegnazione della casa familiare (G. Ferrando). - 7. L'annullamento del matrimonio (E. Ravot). - 8. Il divorzio (A. Ansaldo). - 9. Affidamento condiviso e filiazione naturale (M. Dogliotti). - 10. Profili processuali (A. Figone). - 11. L'ascolto del minore (P. Martinelli-F. Mazza Galanti). - 12. Affidamento condiviso ed esperienze stra-niere: much ado about nothing (V. Zambrano). - Appendice giurisprudenziale. - Indice analitico.  a Famiglia nella società / divorzioe006